The 1975 - Roadkill Lyrics - Statistics

General Stats
  • This quiz has been taken 39 times
  • The average score is 251 of 290
Answer Stats
Answer % Correct
A
100%
a
100%
I
100%
my
100%
My
100%
radio
100%
station
100%
the
100%
up
100%
across
96%
all
96%
and
96%
And
96%
busy
96%
But
96%
but
96%
erection
96%
guy
96%
in
96%
it
96%
know
96%
know"
96%
me
96%
nation
96%
never
96%
over
96%
so
96%
that
96%
then
96%
to
96%
tucked
96%
well
96%
Well
96%
you
96%
You
96%
you'll
96%
by
92%
don't
92%
get
92%
grow"
92%
he
92%
"If
92%
I'm
92%
Mugging
92%
off
92%
on
92%
playing
92%
song
92%
ago
88%
called
88%
eat
88%
for
88%
George
88%
gets
88%
hard
88%
how
88%
just
88%
learned
88%
like
88%
pissed
88%
quite
88%
sometimes
88%
there
88%
they're
88%
when
88%
while
88%
your
88%
bag
83%
election
83%
fag
83%
feel
83%
fine
83%
gift
83%
gonna
83%
got
83%
head
83%
his
83%
intersection
83%
laid
83%
look
83%
myself
83%
not
83%
paid
83%
people
83%
pressure
83%
really
83%
shit
83%
shop
83%
There's
83%
this
83%
with
83%
With
83%
alright
79%
being
79%
fair
79%
It's
79%
it's
79%
Making
79%
Maybe
79%
maybe
79%
out
79%
quiet
79%
that's
79%
too
79%
took
79%
waiting
79%
wanna
79%
babies
75%
connection
75%
down
75%
during
75%
is
75%
lose
75%
made
75%
man
75%
more
75%
Oh
75%
Saturday
75%
shoot
75%
should've
75%
spilling
75%
stoned
75%
Texan
75%
last
71%
things
71%
think
71%
die
67%
I'll
67%
I've
67%
life
67%
minute
67%
take
67%
touched
67%
whole
67%
won't
67%
140
63%
been
63%
from
63%
stopping
63%
Taking
63%
weighed
63%
ones
58%
fun
50%
didn't
46%
gun
46%
knife
46%
Or
46%
spoke
46%
protection
42%
run
42%
Until
42%
own
38%
grab
13%
nowhere
13%
No matching quizzes found
Score Distribution
Percent of People with Each Score
Percentile by Number Answered
Your Score History
You have not taken this quiz